000
00267nam a2200109Ia 4500
005
20251222144753.0
008
251222s9999||||xx |||||||||||||| ||spa||
082
_a
291.4/C81
245
0
_a
Pastoral Juvenil:
264
_b
Centro de Proyección Cristiana
942
_c
LIB
999
_c
19404
_d
19404